000 00582nam a2200205Ia 4500
005 20250923145442.0
008 008 250917s9999 xx 000 0 eng d
037 _aTextual
040 _aDSWL
_beng
_cDSWL
041 _aeng
_2eng
084 _aV1(Q7):(Y), N70.1A
_qDSWL
245 0 _aCambridge History of Islam
_c Ed. by P.M.Holt
260 _aCambridge
_bCambridge University Press
_c1970
300 _axviii,523 p.
365 _aINR
_b88.9
490 _vVol. IA
925 _g88.9
942 _cTEXL
_hV1(Q7):(Y), N70.1A
999 _c1451510
_d1451510